00214nam a22000977a 4500040000800000082001100008100002300019245003200042260003200074300001000106 cDLC a954.91 aAqeel Abasi Jafri. aPakistan Kay Siyasi Waderay aLahorebJhangir Boxc[N.D] a976;p